Statistics for Dog breeds (medium)

Click here to take the quiz!

General Stats

  • This quiz has been taken 43 times
    (30 since last reset)
  • The average score is 11 of 15

Answer Stats

Answer% Correct
Rough collie
100%
Great dane
96%
Shiba inu
89%
Airedale terrier
86%
Cavalier king charles spaniel
86%
Doberman
82%
Chinese crested
79%
Sharpei
79%
Australian shepherd
75%
Irish wolfhound
75%
Mastiff
75%
Border terrier
64%
Great pyrenees
61%
Bedlington terrier
54%
Papillion
36%

Score Distribution

Percentile by Number Answered

Percent of People with Each Score

Your Score History

You have not taken this quiz since the last reset